| 000 | 00377nam a22001457a 4500 | ||
|---|---|---|---|
| 020 | _qPB. | ||
| 040 | _cFIZZA ISHAQ | ||
| 082 |
_a004.165 _bPOO |
||
| 100 |
_aANTONIO M.BELLAVISTS PAOLO _989242 |
||
| 245 |
_aTHE HAND BOOK OF MOBILE MIDDLE WARE / _cPOOLO BELLAVISTA ,M.ANTONIO. |
||
| 250 | _a1st ED. | ||
| 260 |
_aROUTLEDGE ; _c2007. |
||
| 300 | _a1377 P. ; | ||
| 942 |
_2ddc _cBK |
||
| 999 |
_c588047 _d588047 |
||